| 000 | 00612nam a2200181 i 4500 | ||
|---|---|---|---|
| 001 | 46877 | ||
| 003 | ES-MaACL | ||
| 005 | 20230906161449.0 | ||
| 007 | t| | ||
| 008 | 030401q19301939sp ||||1| spa d | ||
| 110 | 2 |
_aEspaña. _bConsejo de Industria. _93647 |
|
| 245 | 1 | 0 |
_aApuntes para el momento de la industria española en 1930 / _cConsejo de Industria. |
| 260 |
_aMadrid : _b[s.n., _c193?] ( _fArtes Gráficas) |
||
| 300 |
_a2 v. ; _c20 cm. |
||
| 500 | _aPrecede al tít.: Ministerio de Economía Nacional. | ||
| 710 | 1 |
_aEspaña. _bMinisterio de Economía Nacional. _93854 |
|
| 852 |
_aES-MaACL _jB-12515-16 |
||
| 999 |
_c46877 _d46877 |
||